Light (Record no. 15810)

000 -LEADER
fixed length control field 00520nam a22002051 4500
001 - CONTROL NUMBER
control field 15810
003 - CONTROL NUMBER IDENTIFIER
control field BD-DhUET
008 - FIXED-LENGTH DATA ELEMENTS--GENERAL INFORMATION
fixed length control field 921020s1963 enk 000 0 eng d
040 ## - CATALOGING SOURCE
Original cataloging agency DLC
Transcribing agency DLC
Modifying agency BD-DhUET
082 ## - DEWEY DECIMAL CLASSIFICATION NUMBER
Classification number 535
Item number DIT/1963
100 1# - MAIN ENTRY--PERSONAL NAME
Personal name Ditchburn, R. W.
245 10 - TITLE STATEMENT
Title Light
250 ## - EDITION STATEMENT
Edition statement 2nd ed.
260 ## - PUBLICATION, DISTRIBUTION, ETC. (IMPRINT)
Place of publication, distribution, etc. London
Name of publisher, distributor, etc. Blackie & Son
Date of publication, distribution, etc. 1963
300 ## - PHYSICAL DESCRIPTION
Extent xii, 833 p.
Other physical details ill.
490 ## - SERIES STATEMENT
Series statement Titles in the E. L. B. S. Low-Priced textbook series
504 ## - BIBLIOGRAPHY, ETC. NOTE
Bibliography, etc Includes bibliographies
650 #0 - SUBJECT ADDED ENTRY--TOPICAL TERM
Topical term or geographic name as entry element Light
942 ## - ADDED ENTRY ELEMENTS (KOHA)
Koha item type General Book
Holdings
Lost status Damaged status Price effective from Not for loan Withdrawn status Sublocation or collection (holding branch) Koha normalized classification for sorting Piece designation (barcode) Koha item type Koha full call number Source of classification or shelving scheme Location (home branch) Date acquired Copy number Shelving location Koha date last seen
  2015-03-15  Central Library, BUET535_000000000000000_DIT_196313453General Book535/DIT/1963 Central Library, BUET2015-03-151Circulation section2015-03-15
  2015-03-19  Central Library, BUET535_000000000000000_DIT_196313450General Book535/DIT/1963 Central Library, BUET2015-03-192Circulation section2015-03-19
  2015-03-19  Central Library, BUET535_000000000000000_DIT_196320826General Book535/DIT/1963 Central Library, BUET2015-03-193Circulation section2015-03-19
  2015-03-21  Central Library, BUET535_000000000000000_DIT_196316978General Book535/DIT/1963 Central Library, BUET2015-03-214Circulation section2015-03-21
  2015-03-21  Central Library, BUET535_000000000000000_DIT_196313451General Book535/DIT/1963 Central Library, BUET2015-03-215Circulation section2015-03-21
  2015-03-21  Central Library, BUET535_000000000000000_DIT_196320825General Book535/DIT/1963 Central Library, BUET2015-03-216Circulation section2015-03-21
  2015-03-21  Central Library, BUET535_000000000000000_DIT_19635241General Book535/DIT/1963 Central Library, BUET2015-03-217Circulation section2015-03-21
  2015-03-21  Central Library, BUET535_000000000000000_DIT_196313452General Book535/DIT/1963 Central Library, BUET2015-03-218Circulation section2015-03-21